[Event "Havana Gilberto Garcia Memorial-B"]
[Site "Havana"]
[Date "2024.03.03"]
[Round "7"]
[White "Benitez Montalvo, Hedilberto"]
[Black "Robaina Diaz, Victor Dany"]
[Result "0-1"]
[WhiteElo "1504"]
[BlackElo "1353"]
[PlyCount "78"]
[EventDate "2024.02.24"]
[EventType "tourn"]
[EventRounds "9"]
[EventCountry "CUB"]
[SourceTitle "CB13_2024"]
[SourceDate "2024.03.27"]
[SourceVersion "1"]
[SourceVersionDate "2024.03.27"]
[SourceQuality "1"]

1. e4 e5 2. d4 exd4 3. e5 Nc6 4. Bb5 Nxe5 5. Qxd4 Qe7 6. Be3 Nf6 7. f3 c6 8. Ba4 Nc4 9. Qxc4 Qxe3+ 10. Qe2 Bc5 11. Nc3 0-0 12. Qxe3 Bxe3 13. Nge2 Re8 14. Rd1 b5 15. Bb3 a5 16. a3 Ba6 17. Rd3 b4 18. Nd1 Bxd3 19. cxd3 bxa3 20. bxa3 a4 21. Bc2 Bc5 22. d4 Bxa3 23. Kf2 Bd6 24. Ne3 a3 25. Bb3 Reb8 26. Ba2 Nh5 27. g3 Nf6 28. g4 Be7 29. h4 d5 30. h5 Rb2 31. Ra1 Bb4 32. Nd1 Rd2 33. Kf1 Re8 34. Nf4 Re1+ 35. Kxe1 Rxa2+ 36. Kf1 Rxa1 37. Ke2 a2 38. Nd3 Rxd1 39. Kxd1 a1Q+ 0-1

[Event "Giraldilla de La Habana op"]
[Site "Havana"]
[Date "2018.07.31"]
[Round "6"]
[White "Benitez Montalvo, Hedilberto"]
[Black "Reyes Oquendo, Samuel Moises"]
[Result "1/2-1/2"]
[WhiteElo "1651"]
[BlackElo "1674"]
[PlyCount "28"]
[EventDate "2018.07.28"]
[EventType "swiss"]
[EventRounds "9"]
[EventCountry "CUB"]
[SourceTitle "EXT 2021"]
[Source "ChessBase"]
[SourceDate "2020.10.23"]
[SourceVersion "1"]
[SourceVersionDate "2020.10.23"]
[SourceQuality "1"]

1. e4 e6 2. d4 d5 3. e5 c5 4. c3 Nc6 5. Nf3 Bd7 6. Be2 Nge7 7. Na3 cxd4 8. cxd4 Nf5 9. Nc2 Qb6 10. 0-0 Rc8 11. Kh1 Nb4 12. Nxb4 Qxb4 13. a4 a5 14. g4 Ne7 1/2-1/2